000 00311nam a22001337a 4500
008 170921b xxu||||| |||| 00| 0 eng d
020 _a0874845416
041 _aeng
080 _23RD
_a78
100 _a45
101 _aMUZ
245 _aON THE COUNT OF ONE: MODERN DANCE METHODS
_cSHERBON,E
942 _2udc
_cBK
999 _c28838
_d28838